000 00822nam a2200229Ia 4500
005 20241129111151.0
008 241129s9999||||xx |||||||||||||| ||und||
020 _a978-93-81499-16-0
037 _aTB
040 _aCRL
_bhin
_cCRL
041 _ahin
_2hin
084 _aO44,1:g 152R2
_qCRL
100 _aअग्रवाल, संगीता, ले.
245 0 _aभारतीय काव्यशास्त्र तथा परम्परा
_cअग्रवाल, संगीता, ले.
260 _aदिल्ली, भारत
_bशक्ति पब्लिशर्स
_c2022
300 _a286पृ0
365 _aINR
_b995
546 _aTranslated from Sanskrit to Hindi
650 _aIndian Literature
942 _cTB
_hO44,1:g 152R2
999 _c1229226
_d1229226